Le système digestif - Statistiques

Statistiques générales
  • Ce quiz a été pris 497 fois
  • Le résultat moyen est 10 sur 19
Statistiques - réponses
Réponse % Correct
Estomac
94%
Oesophage
89%
Bouche
85%
Intestin grêle
85%
Foie
80%
Anus
77%
Gros intestin
73%
Pancréas
72%
Rectum
61%
Vésicule biliaire
52%
Pharynx
51%
Appendice
35%
Duodénom
32%
Côlon ascendant
26%
Côlon descendant
26%
Jéjunum
26%
Côlon transverse
23%
Iléum
23%
Glandes salivaires
17%
Aucun quiz correspondant
Distribution des résultats
% des personnes avec chaque résultat
Percentile par nombre de réponses
Votre historique - résultats
Vous n’avez pas pris ce quiz